[Event "Hannover Region-ch"]
[Site "Hannover"]
[Date "2007.03.24"]
[Round "6"]
[White "Braje, Monika"]
[Black "Sherman, Radyslav"]
[Result "0-1"]
[WhiteElo "1629"]
[BlackElo "1740"]
[PlyCount "56"]
[EventDate "2007.01.13"]
[EventType "swiss"]
[EventRounds "7"]
[EventCountry "GER"]
[SourceTitle "EXT 2021"]
[Source "ChessBase"]
[SourceDate "2020.10.23"]
[SourceVersion "1"]
[SourceVersionDate "2020.10.23"]
[SourceQuality "1"]

1. e4 c5 2. d4 cxd4 3. c3 dxc3 4. Nxc3 e6 5. Nf3 a6 6. Bc4 Nc6 7. 0-0 Qc7 8. Qe2 Nf6 9. Bg5 Ng4 10. g3 Nge5 11. Nxe5 Nxe5 12. Bb3 d6 13. Rac1 Qb8 14. Rfd1 Bd7 15. f4 h6 16. fxe5 hxg5 17. Qd2 Be7 18. exd6 Bd8 19. e5 b5 20. Ne4 Qa7+ 21. Kf1 b4 22. Nc5 Bb5+ 23. Ke1 0-0 24. Qg2 Rc8 25. Qb7 Qb8 26. Qf3 Qb6 27. Qb7 Rxc5 28. Qxb6 Rxe5+ 0-1

[Event "Hannover Region-ch"]
[Site "Hannover"]
[Date "2007.03.10"]
[Round "5"]
[White "Zakidyshev, Gennadiy"]
[Black "Sherman, Radyslav"]
[Result "1-0"]
[WhiteElo "1839"]
[BlackElo "1740"]
[PlyCount "89"]
[EventDate "2007.01.13"]
[EventType "swiss"]
[EventRounds "7"]
[EventCountry "GER"]
[SourceTitle "EXT 2021"]
[Source "ChessBase"]
[SourceDate "2020.10.23"]
[SourceVersion "1"]
[SourceVersionDate "2020.10.23"]
[SourceQuality "1"]

1. d4 d5 2. g3 Nf6 3. Bg2 c6 4. Nf3 g6 5. 0-0 Bg7 6. Ne5 0-0 7. Nd2 Ng4 8. Ndf3 Nxe5 9. Nxe5 f6 10. Nf3 e5 11. dxe5 fxe5 12. e4 d4 13. c3 dxc3 14. Qb3+ Kh8 15. bxc3 Qb6 16. Be3 Qxb3 17. axb3 a6 18. Bc5 Re8 19. Ng5 Kg8 20. Rfd1 h6 21. Nf3 Be6 22. b4 Nd7 23. Be3 Rac8 24. Rac1 c5 25. Nh4 Kh7 26. h3 Bf8 27. f4 exf4 28. gxf4 Nb8 29. e5 Be7 30. Bf2 cxb4 31. cxb4 Nc6 32. Be4 Bxh4 33. Bxh4 Bxh3 34. Rd6 Bf5 35. Bxf5 gxf5 36. Rd7+ Kg8 37. Kh1 Kf8 38. Bf6 Re6 39. Rxb7 Rb8 40. Rxc6 Rxb7 41. Rxe6 Rxb4 42. Rxa6 Rxf4 43. e6 Kg8 44. Ra8+ Kh7 45. e7 1-0

[Event "Hannover Region-ch"]
[Site "Hannover"]
[Date "2006.01.14"]
[Round "1"]
[White "Herrmann, Andreas"]
[Black "Sherman, Radyslav"]
[Result "1-0"]
[WhiteElo "2135"]
[BlackElo "1737"]
[PlyCount "87"]
[EventDate "2006.01.14"]
[EventType "swiss"]
[EventRounds "7"]
[EventCountry "GER"]
[SourceTitle "EXT 2021"]
[Source "ChessBase"]
[SourceDate "2020.10.23"]
[SourceVersion "1"]
[SourceVersionDate "2020.10.23"]
[SourceQuality "1"]

1. c4 Nf6 2. Nf3 e6 3. b3 b6 4. g3 Bb7 5. Bg2 Be7 6. 0-0 0-0 7. Bb2 d6 8. d3 Nbd7 9. Nbd2 e5 10. Qc2 c5 11. Nh4 Bxg2 12. Nxg2 Qc7 13. e4 Nh5 14. Ne3 Nhf6 15. Rae1 Nb8 16. Nd5 Nxd5 17. cxd5 Nd7 18. f4 Bf6 19. Nc4 Rae8 20. Ne3 exf4 21. gxf4 Bxb2 22. Qxb2 f6 23. Re2 Rf7 24. Rg2 Kh8 25. Rf3 b5 26. Qe2 Nb6 27. Rh3 c4 28. bxc4 bxc4 29. Qh5 g5 30. fxg5 fxg5 31. Rf3 Ref8 32. Rxf7 Qxf7 33. Qxf7 Rxf7 34. Nxc4 Nxc4 35. dxc4 Re7 36. Re2 Rc7 37. e5 dxe5 38. Rc2 Rd7 39. Kf2 Kg7 40. Ke3 Kf6 41. Ke4 Rc7 42. c5 h5 43. d6 Rd7 44. Kd5 1-0

[Event "Hannover-ch MT"]
[Site "Hannover"]
[Date "2004.09.17"]
[Round "3"]
[White "Beckmann, Moritz"]
[Black "Sherman, Radyslav"]
[Result "0-1"]
[WhiteElo "1349"]
[BlackElo "1721"]
[PlyCount "76"]
[EventDate "2004.09.16"]
[EventType "swiss"]
[EventRounds "7"]
[EventCountry "GER"]
[SourceTitle "EXT 2021"]
[Source "ChessBase"]
[SourceDate "2020.10.23"]
[SourceVersion "1"]
[SourceVersionDate "2020.10.23"]
[SourceQuality "1"]

1. d4 d5 2. c4 e5 3. dxe5 d4 4. Nf3 Nc6 5. e3 Bb4+ 6. Bd2 dxe3 7. fxe3 Bg4 8. Be2 Bxf3 9. Bxf3 Qh4+ 10. g3 Qxc4 11. Be2 Qe4 12. 0-0 Qxe5 13. Bxb4 Qxe3+ 14. Kh1 Qe4+ 15. Bf3 Qxb4 16. Qe2+ Nge7 17. Nc3 0-0 18. Nd5 Nxd5 19. Bxd5 Rae8 20. Qxe8 Rxe8 21. Bxf7+ Kh8 22. Bxe8 Qe4+ 23. Kg1 Qxe8 24. Rae1 Qc8 25. Rf7 Kg8 26. Rf2 h6 27. Ref1 Qe8 28. h4 Qe7 29. Kg2 Nd4 30. b3 c5 31. Kh3 b5 32. Rf4 Qe6+ 33. Kg2 Qe7 34. Kh3 a5 35. h5 b4 36. g4 Ne6 37. Rf5 Ng5+ 38. Kg2 Qe2+ 0-1

[Event "Hannover-ch op"]
[Site "Hannover"]
[Date "2003.10.23"]
[Round "1"]
[White "Herrmann, Andreas"]
[Black "Sherman, Radyslav"]
[Result "1-0"]
[WhiteElo "2131"]
[BlackElo "1692"]
[PlyCount "81"]
[EventDate "2003.10.23"]
[EventType "swiss"]
[EventRounds "7"]
[EventCountry "GER"]
[SourceTitle "EXT 2021"]
[Source "ChessBase"]
[SourceDate "2020.10.23"]
[SourceVersion "1"]
[SourceVersionDate "2020.10.23"]
[SourceQuality "1"]

1. d4 d5 2. Nf3 Nf6 3. Bg5 e6 4. Nbd2 Be7 5. e3 h6 6. Bh4 0-0 7. Bd3 Nbd7 8. 0-0 c5 9. c3 b6 10. Qe2 Bb7 11. Rad1 Ne4 12. Bxe7 Qxe7 13. Bb5 Rfd8 14. Bxd7 Rxd7 15. Ne5 Rdd8 16. f4 f5 17. Nxe4 dxe4 18. Rd2 cxd4 19. exd4 Rac8 20. Re1 Qe8 21. Qf2 Qe7 22. Re3 Bd5 23. a3 Rf8 24. Ng6 Qf6 25. Nxf8 Rxf8 26. Qe2 Qe7 27. c4 Bb7 28. Rc3 Ba6 29. Qe3 Rc8 30. c5 bxc5 31. dxc5 Bd3 32. b4 a6 33. Rcxd3 exd3 34. Qxd3 a5 35. Qd7 Qxd7 36. Rxd7 axb4 37. axb4 Kf8 38. Rb7 g5 39. g3 Kg8 40. Kf2 Kh8 41. Ke3 1-0

[Event "Hannover Region-ch op"]
[Site "Hannover"]
[Date "2003.01.25"]
[Round "1"]
[White "Sherman, Radyslav"]
[Black "Krotov, Evgeni"]
[Result "0-1"]
[WhiteElo "1692"]
[BlackElo "2086"]
[PlyCount "100"]
[EventDate "2003.01.25"]
[EventType "swiss"]
[EventRounds "7"]
[EventCountry "GER"]
[SourceTitle "EXT 2022"]
[Source "ChessBase"]
[SourceDate "2021.10.06"]
[SourceVersion "1"]
[SourceVersionDate "2021.10.06"]
[SourceQuality "1"]

1. d4 d6 2. c4 e5 3. d5 f5 4. Nc3 Nf6 5. Bg5 Be7 6. Nf3 e4 7. Nd4 Ng4 8. Bxe7 Qxe7 9. e3 0-0 10. g3 Ne5 11. Be2 Na6 12. 0-0 Rf6 13. a3 Nc5 14. b4 Ncd3 15. Na2 Nxc4 16. Nc1 Ncb2 17. Qb3 f4 18. exf4 Bh3 19. Nxd3 exd3 20. Bf3 Bxf1 21. Rxf1 d2 22. Qxb2 Qe1 23. Nb3 d1Q 24. Bxd1 Qe4 25. Qd4 Qb1 26. Qc3 Qg6 27. Nd4 Rc8 28. Re1 Rf7 29. Qe3 Rcf8 30. Bc2 Qh6 31. Qe6 Qh5 32. Bd1 Qg6 33. Qxg6 hxg6 34. Re6 g5 35. f5 Rf6 36. Rxf6 gxf6 37. Ne6 Rc8 38. Ba4 c6 39. dxc6 bxc6 40. Bb3 d5 41. Nd4 Kh7 42. Ne6 a5 43. b5 cxb5 44. Bxd5 Rc3 45. a4 b4 46. f4 g4 47. Be4 b3 48. Nd8 Re3 49. Bd5 b2 50. Ba2 Ra3 0-1

[Event "Hannover-ch op"]
[Site "Hannover"]
[Date "2002.10.08"]
[Round "7"]
[White "Leppert, Hans Juergen"]
[Black "Sherman, Radyslav"]
[Result "1-0"]
[WhiteElo "1821"]
[BlackElo "1730"]
[PlyCount "75"]
[EventDate "2002.10.04"]
[EventType "swiss"]
[EventRounds "7"]
[EventCountry "GER"]
[SourceTitle "EXT 2021"]
[Source "ChessBase"]
[SourceDate "2020.10.23"]
[SourceVersion "1"]
[SourceVersionDate "2020.10.23"]
[SourceQuality "1"]

1. d4 d5 2. Bg5 Nd7 3. e3 Ngf6 4. Nf3 e6 5. c4 Be7 6. Bd3 h6 7. Bh4 0-0 8. 0-0 b6 9. Nc3 Bb7 10. Rc1 Rc8 11. Qa4 a6 12. cxd5 exd5 13. Bf5 b5 14. Qd1 Re8 15. Ne5 Ra8 16. Qf3 Nxe5 17. dxe5 Nh7 18. Bg3 Rf8 19. Rfd1 c6 20. Bb1 Ng5 21. Qh5 Ne6 22. Ne4 Ng5 23. Nc5 Qc8 24. Nxb7 Qxb7 25. h4 Ne6 26. f4 Qb6 27. Bf2 Rfd8 28. f5 Nc7 29. f6 Bf8 30. Qf5 g6 31. Qc2 h5 32. Qxc6 Qxc6 33. Rxc6 Ne6 34. Rdc1 b4 35. Bxg6 fxg6 36. Rxe6 Rd7 37. Rec6 Re8 38. e6 1-0

[Event "Hannover-ch op"]
[Site "Hannover"]
[Date "2002.10.05"]
[Round "2"]
[White "Sherman, Radyslav"]
[Black "Adibekian, Roubik"]
[Result "0-1"]
[WhiteElo "1730"]
[BlackElo "2037"]
[PlyCount "80"]
[EventDate "2002.10.04"]
[EventType "swiss"]
[EventRounds "7"]
[EventCountry "GER"]
[SourceTitle "EXT 2021"]
[Source "ChessBase"]
[SourceDate "2020.10.23"]
[SourceVersion "1"]
[SourceVersionDate "2020.10.23"]
[SourceQuality "1"]

1. d4 d5 2. Nf3 Nf6 3. c4 c6 4. cxd5 cxd5 5. Nc3 Nc6 6. Bf4 a6 7. e3 e6 8. a3 Be7 9. Bd3 Nh5 10. Bg3 Nxg3 11. hxg3 h6 12. Rc1 Bd7 13. Qe2 Rc8 14. 0-0 0-0 15. e4 dxe4 16. Qxe4 f5 17. Qe3 Bd6 18. Ne5 Nxe5 19. dxe5 Bc5 20. Qf4 Qg5 21. Ne2 Qxf4 22. gxf4 Kf7 23. Bc4 Rfd8 24. Rfd1 Ke7 25. Bd3 Ba4 26. Rd2 g5 27. fxg5 hxg5 28. b4 Bb6 29. Rxc8 Rxc8 30. Rb2 Bd7 31. b5 a5 32. a4 Rc5 33. Kf1 Rxe5 34. f4 Rd5 35. Rb3 gxf4 36. Nxf4 Rd4 37. Ng6+ Kf6 38. Nf8 Be8 39. Ke2 Bh5+ 40. Kd2 Rd8 0-1

[Event "Hannover-ch op"]
[Site "Isernhagen"]
[Date "2001.10.03"]
[Round "7"]
[White "Utermark, Dieter"]
[Black "Sherman, Radyslav"]
[Result "1/2-1/2"]
[WhiteElo "1687"]
[BlackElo "1662"]
[PlyCount "133"]
[EventDate "2001.09.29"]
[EventType "swiss"]
[EventRounds "7"]
[EventCountry "GER"]
[SourceTitle "EXT 2021"]
[Source "ChessBase"]
[SourceDate "2020.10.23"]
[SourceVersion "1"]
[SourceVersionDate "2020.10.23"]
[SourceQuality "1"]

1. d4 d5 2. Nf3 Nf6 3. e3 e6 4. Bd3 b6 5. Nbd2 Bb7 6. 0-0 Nbd7 7. c3 Bd6 8. Qe2 Ne4 9. Re1 0-0 10. Nf1 c5 11. N3d2 f5 12. f3 Nxd2 13. Bxd2 Qh4 14. g3 Qh3 15. Qg2 Qh5 16. Rad1 Kh8 17. b4 c4 18. Be2 Qg6 19. f4 b5 20. Bc1 Nf6 21. Nd2 a5 22. a3 axb4 23. axb4 Ra2 24. Qf3 Rc2 25. Nb1 Ne4 26. Na3 Rxc3 27. Nxb5 Rb3 28. Nxd6 Nxd6 29. Kg2 Ne4 30. Kg1 Ra8 31. h3 Nxg3 32. Qg2 Nxe2+ 33. Rxe2 Qxg2+ 34. Rxg2 Rxb4 35. Kh2 Ra1 36. Rc2 Bc6 37. Rdd2 Ba4 38. Rb2 Bb3 39. Rd1 Kg8 40. Bd2 Rba4 41. Rc1 R1a2 42. Rcb1 Kf7 43. Bc3 Rxb2+ 44. Rxb2 Ke7 45. Kg3 h6 46. Kf3 Kd7 47. Kg3 Kc6 48. Kf2 Kb5 49. Kg2 g5 50. Kf3 Ra2 51. Rxa2 Bxa2 52. fxg5 hxg5 53. Ke2 Ka4 54. Kd2 Bb1 55. Kc1 Kb3 56. Be1 Be4 57. h4 gxh4 58. Bxh4 Kc3 59. Bg5 Kd3 60. Bh6 c3 61. Bg5 c2 62. Bh6 Kc4 63. Bg5 Kb5 64. Bf4 Kc6 65. Be5 Kd7 66. Bf4 Ke7 67. Kd2 1/2-1/2

[Event "Hannover-ch op"]
[Site "Isernhagen"]
[Date "2001.09.30"]
[Round "2"]
[White "Schramm, Christian"]
[Black "Sherman, Radyslav"]
[Result "1/2-1/2"]
[WhiteElo "1492"]
[BlackElo "1662"]
[PlyCount "71"]
[EventDate "2001.09.29"]
[EventType "swiss"]
[EventRounds "7"]
[EventCountry "GER"]
[SourceTitle "EXT 2021"]
[Source "ChessBase"]
[SourceDate "2020.10.23"]
[SourceVersion "1"]
[SourceVersionDate "2020.10.23"]
[SourceQuality "1"]

1. c4 Nf6 2. Nc3 e6 3. Nf3 d5 4. cxd5 exd5 5. d4 Be7 6. g3 Bf5 7. Bg2 c6 8. 0-0 Nbd7 9. Re1 Ne4 10. Nxe4 Bxe4 11. a3 0-0 12. Bf4 Bf6 13. b4 Nb6 14. Be5 Nc4 15. Bxf6 Qxf6 16. e3 Rae8 17. Nd2 Bxg2 18. Kxg2 Nd6 19. Rb1 g6 20. Qf3 Qe7 21. a4 a6 22. Qe2 h5 23. h4 f5 24. f4 Rf6 25. Rb3 Re6 26. Kf3 b5 27. a5 Nc4 28. Nf1 Re4 29. Qd3 Qf6 30. Rd1 Kg7 31. Qe2 R8e7 32. Rdd3 Re8 33. Kf2 Qe7 34. Qf3 Kf7 35. Qd1 Kg7 36. Qf3 1/2-1/2